[Event "Silicon Valley Fall op"]
[Site "Sunnyvale USA"]
[Date "2023.09.01"]
[Round "2.6"]
[White "Corrales Jimenez, Fidel"]
[Black "Atanasov, Anthony"]
[Result "1-0"]
[WhiteElo "2533"]
[BlackElo "2387"]
[PlyCount "100"]
[EventDate "2023.08.31"]
[EventType "swiss"]
[EventRounds "9"]
[EventCountry "USA"]
[Source "ChessMix"]
[SourceDate "2023.09.10"]

1. d4 d5 2. c4 c6 3. Nf3 Nf6 4. Nc3 a6 5. cxd5 cxd5 6. Bf4 Nc6 7. Rc1 Bf5 8. e3
e6 9. Qb3 Ra7 10. Be2 Bd6 11. Bxd6 Qxd6 12. Ne5 O-O 13. Nxc6 Qxc6 14. O-O Qd6
15. Na4 b5 16. Nc5 Rb8 17. h3 h5 18. Bd3 a5 19. Bxf5 exf5 20. Nd3 Ne4 21. Rc2
b4 22. Qa4 Qd7 23. Qxd7 Rxd7 24. Rfc1 Rdb7 25. Rc6 a4 26. Nc5 Rb5 27. Nxa4 b3
28. a3 Ra5 29. Rc8+ Rxc8 30. Rxc8+ Kh7 31. Nc3 Nd2 32. Rc5 Nc4 33. Rxa5 Nxa5
34. Kf1 Nc4 35. a4 f4 36. exf4 Nxb2 37. a5 Nc4 38. a6 Kg6 39. Ke2 Kf5 40. Kd1
Nb6 41. Kc1 Ke6 42. Kb2 Kd6 43. Kxb3 Kc6 44. Kb4 Nd7 45. Ka5 Nb6 46. h4 g6 47.
g3 Nc4+ 48. Kb4 Nb2 49. Nxd5 Nd3+ 50. Ka5 Kxd5 1-0

[Event "Silicon Valley Fall op"]
[Site "Sunnyvale USA"]
[Date "2023.09.01"]
[Round "3.18"]
[White "Atanasov, Anthony"]
[Black "Wu, Sibo"]
[Result "1-0"]
[WhiteElo "2387"]
[BlackElo "2082"]
[PlyCount "73"]
[EventDate "2023.08.31"]
[EventType "swiss"]
[EventRounds "9"]
[EventCountry "USA"]
[Source "ChessMix"]
[SourceDate "2023.09.10"]

1. d4 d5 2. Bf4 Nf6 3. e3 c5 4. Nf3 e6 5. a3 Nc6 6. h3 Bd6 7. dxc5 Bxf4 8. exf4
Ne4 9. Nbd2 Nxc5 10. b4 Nd7 11. Be2 Qc7 12. g3 O-O 13. O-O a6 14. Re1 b6 15.
Bd3 Re8 16. c4 Bb7 17. Rc1 d4 18. Qe2 Rad8 19. Ne4 e5 20. f5 a5 21. Qd2 f6 22.
c5 bxc5 23. Bc4+ Kf8 24. bxc5 Ne7 25. c6 Nxc6 26. Be6 Rxe6 27. fxe6 Ndb8 28.
Nh4 Bc8 29. Nc5 Re8 30. Nf5 Qd8 31. Re4 Bxe6 32. Nxe6+ Rxe6 33. Rh4 Kg8 34.
Nxg7 Re7 35. Nf5 Rb7 36. Rg4+ Kh8 37. Qh6 1-0

[Event "Silicon Valley Fall op"]
[Site "Sunnyvale USA"]
[Date "2023.09.02"]
[Round "4.9"]
[White "Atanasov, Anthony"]
[Black "Antipov, Mikhail Al"]
[Result "0-1"]
[WhiteElo "2387"]
[BlackElo "2600"]
[PlyCount "48"]
[EventDate "2023.08.31"]
[EventType "swiss"]
[EventRounds "9"]
[EventCountry "USA"]
[Source "ChessMix"]
[SourceDate "2023.09.10"]

1. d4 Nf6 2. c4 e6 3. Nf3 d5 4. Nc3 Bb4 5. cxd5 exd5 6. Qa4+ Nc6 7. Bg5 h6 8.
Bxf6 Qxf6 9. e3 O-O 10. Rc1 Rd8 11. Qb3 Ba5 12. Be2 Ne7 13. O-O c6 14. Ne5 Nf5
15. Na4 Bc7 16. f4 Qe7 17. Bh5 g6 18. Bg4 Rb8 19. Bh3 Kg7 20. g4 Nh4 21. Qc3 h5
22. f5 Qg5 23. Nxf7 Kxf7 24. fxg6+ Kg8 0-1

[Event "Silicon Valley Fall op"]
[Site "Sunnyvale USA"]
[Date "2023.09.02"]
[Round "5.17"]
[White "Gutla, Aryan"]
[Black "Atanasov, Anthony"]
[Result "1/2-1/2"]
[WhiteElo "2290"]
[BlackElo "2387"]
[PlyCount "98"]
[EventDate "2023.08.31"]
[EventType "swiss"]
[EventRounds "9"]
[EventCountry "USA"]
[Source "ChessMix"]
[SourceDate "2023.09.10"]

1. d4 Nf6 2. c4 g6 3. Nc3 d5 4. Bf4 Bg7 5. e3 O-O 6. Rc1 c5 7. dxc5 Ne4 8. cxd5
Nxc3 9. bxc3 Qa5 10. Qd2 e5 11. dxe6 Bxe6 12. Nf3 Nd7 13. c6 bxc6 14. Nd4 Nc5
15. Be2 g5 16. Nxe6 fxe6 17. Bg3 Ne4 18. Qc2 Qxc3+ 19. Qxc3 Bxc3+ 20. Kf1 Bd2
21. Rd1 Bxe3 22. Bf3 Nxg3+ 23. hxg3 g4 24. fxe3 gxf3 25. Rd7 Rab8 26. gxf3 Rb1+
27. Kg2 Rxh1 28. Kxh1 Rxf3 29. Kg2 Rxe3 30. Rxa7 c5 31. Rc7 Re2+ 32. Kf3 Rxa2
33. Rxc5 Kg7 34. Rg5+ Kf6 35. Rh5 Kg6 36. Rb5 Ra4 37. Rb7 h5 38. Rb5 Rd4 39.
Re5 Rd6 40. Kf4 Ra6 41. Rg5+ Kh6 42. Re5 Rb6 43. g4 Rb4+ 44. Kf3 hxg4+ 45. Kg3
Rb6 46. Kxg4 Kg6 47. Kf3 Kf6 48. Rh5 Rb4 49. Ke3 e5 1/2-1/2

[Event "Silicon Valley Fall op"]
[Site "Sunnyvale USA"]
[Date "2023.09.03"]
[Round "6.16"]
[White "Yim, Sung Ho"]
[Black "Atanasov, Anthony"]
[Result "0-1"]
[WhiteElo "2272"]
[BlackElo "2387"]
[PlyCount "94"]
[EventDate "2023.08.31"]
[EventType "swiss"]
[EventRounds "9"]
[EventCountry "USA"]
[Source "ChessMix"]
[SourceDate "2023.09.10"]

1. d4 Nf6 2. c4 g6 3. Nc3 d5 4. cxd5 Nxd5 5. e4 Nxc3 6. bxc3 Bg7 7. Bc4 c5 8.
Ne2 Nc6 9. Be3 O-O 10. O-O e6 11. Rc1 b6 12. Qd2 Bb7 13. Bb5 a6 14. Ba4 Na5 15.
dxc5 b5 16. Qxd8 Rfxd8 17. Bc2 Nc4 18. Bg5 f6 19. Bh4 g5 20. Bg3 e5 21. f3 Rd2
22. Rfe1 g4 23. Bb3 Bc6 24. Bf2 gxf3 25. gxf3 Rd3 26. Kg2 Bh6 27. Rcd1 Bd2 28.
Rg1 Rad8 29. Ng3 Bxc3 30. Rxd3 Rxd3 31. Nf1 Rd8 32. Ng3 Rd3 33. Nf5 Kf8 34.
Bxc4 bxc4 35. Rb1 Bd4 36. Rb8+ Kf7 37. Nd6+ Ke7 38. Nxc4 Rc3 39. Na5 Rxc5 40.
Nxc6+ Rxc6 41. Rb7+ Ke6 42. Bxd4 exd4 43. Kf1 Rc2 44. Rb6+ Ke5 45. Rxa6 d3 46.
Ke1 Kd4 47. Kd1 Ke5 0-1

[Event "Silicon Valley Fall op"]
[Site "Sunnyvale USA"]
[Date "2023.09.03"]
[Round "7.12"]
[White "Atanasov, Anthony"]
[Black "Escalante Ramirez, Brian Sebastian"]
[Result "1/2-1/2"]
[WhiteElo "2387"]
[BlackElo "2494"]
[PlyCount "33"]
[EventDate "2023.08.31"]
[EventType "swiss"]
[EventRounds "9"]
[EventCountry "USA"]
[Source "ChessMix"]
[SourceDate "2023.09.10"]

1. d4 e6 2. Bf4 c5 3. e3 Qb6 4. Nc3 Nf6 5. Nf3 a6 6. dxc5 Qxc5 7. Bd3 b5 8. e4
Bb7 9. e5 Nd5 10. Ne4 Qb6 11. Bg3 Nc6 12. O-O Be7 13. c3 h6 14. h4 Nd8 15. Nd4
Nc6 16. Nf3 Nd8 17. Nd4 1/2-1/2

[Event "Silicon Valley Fall op"]
[Site "Sunnyvale USA"]
[Date "2023.09.04"]
[Round "8.16"]
[White "Jiang, Lucas"]
[Black "Atanasov, Anthony"]
[Result "0-1"]
[WhiteElo "2279"]
[BlackElo "2387"]
[PlyCount "88"]
[EventDate "2023.08.31"]
[EventType "swiss"]
[EventRounds "9"]
[EventCountry "USA"]
[Source "ChessMix"]
[SourceDate "2023.09.10"]

1. e4 e5 2. Nf3 Nf6 3. Nxe5 d6 4. Nf3 Nxe4 5. Nc3 Nxc3 6. dxc3 Be7 7. Be3 Nd7
8. Qd2 O-O 9. O-O-O Nf6 10. Bd3 d5 11. h3 c6 12. Kb1 Ne4 13. Bxe4 dxe4 14. Qxd8
Bxd8 15. Nd4 Bc7 16. b3 f5 17. f4 exf3 18. Nxf3 Re8 19. Bc5 Be6 20. c4 a6 21.
Bd6 Bd8 22. Rhe1 Bf6 23. Be5 Rad8 24. Bxf6 Rxd1+ 25. Rxd1 gxf6 26. Kc1 Kf7 27.
Re1 Rg8 28. Re2 f4 29. Kd2 c5 30. Rf2 Bf5 31. Ne1 Be4 32. a4 a5 33. Rxf4 Bxg2
34. Rh4 Rg7 35. Nd3 b6 36. Nf4 Be4 37. Nd5 Rg2+ 38. Ke1 Bxc2 39. Ne3 Rg1+ 40.
Kd2 Bg6 41. Rf4 Rg3 42. h4 Ke6 43. Nd5 Ke5 44. Ke2 Rxb3 0-1

[Event "Silicon Valley Fall op"]
[Site "Sunnyvale USA"]
[Date "2023.09.04"]
[Round "9.8"]
[White "Atanasov, Anthony"]
[Black "Burke, John M"]
[Result "1-0"]
[WhiteElo "2387"]
[BlackElo "2604"]
[PlyCount "59"]
[EventDate "2023.08.31"]
[EventType "swiss"]
[EventRounds "9"]
[EventCountry "USA"]
[Source "ChessMix"]
[SourceDate "2023.09.10"]
[TimeControl "5400+30"]

1. d4 {[%emt 0:00:03]} Nf6 {[%emt 0:03:33]} 2. c4 {[%emt 0:00:06]} g6 {
[%emt 0:00:25]} 3. Nc3 {[%emt 0:00:11]} d5 {[%emt 0:00:05]} 4. Bg5 {
[%emt 0:00:27]} Ne4 {[%emt 0:00:26]} 5. h4 {[%emt 0:00:11]} Bg7 {[%emt 0:04:36]
} 6. cxd5 {[%emt 0:00:17]} Nxg5 {[%emt 0:00:31]} 7. hxg5 {[%emt 0:00:26]} c5 {
[%emt 0:01:01]} 8. dxc5 {[%emt 0:03:20]} Nd7 {[%emt 0:01:53]} 9. e4 {
[%emt 0:25:09]} Qa5 {[%emt 0:11:32]} 10. Qf3 {[%emt 0:05:16]} O-O {
[%emt 0:05:27]} 11. Qh3 {[%emt 0:02:30]} h5 {[%emt 0:05:22]} 12. gxh6 {
[%emt 0:00:38]} Bd4 {[%emt 0:03:33]} 13. Qd3 {[%emt 0:11:12]} Bxc5 {
[%emt 0:08:25]} 14. Nf3 {[%emt 0:01:31]} Nf6 {[%emt 0:04:20]} 15. Be2 {
[%emt 0:12:55]} Ng4 {[%emt 0:00:31]} 16. O-O {[%emt 0:03:28]} Qb6 {
[%emt 0:02:17]} 17. h7+ {[%emt 0:00:58]} Kg7 {[%emt 0:01:15]} 18. Nd1 {
[%emt 0:00:01]} Rh8 {[%emt 0:05:31]} 19. Rc1 {[%emt 0:13:49]} Bd6 {
[%emt 0:02:07]} 20. Ne3 {[%emt 0:00:34]} Rxh7 {[%emt 0:02:27]} 21. Rxc8 {
[%emt 0:01:56]} Rxc8 {[%emt 0:03:46]} 22. Nxg4 {[%emt 0:00:04]} Qxb2 {
[%emt 0:00:46]} 23. e5 {[%emt 0:01:15]} Bb8 {[%emt 0:04:41]} 24. Qe4 {
[%emt 0:03:45]} Qxa2 {[%emt 0:01:42]} 25. g3 {[%emt 0:01:36]} Qb2 {
[%emt 0:01:55]} 26. Kg2 {[%emt 0:04:31]} Rc1 {[%emt 0:13:12]} 27. Qf4 {
[%emt 0:00:49]} Rxf1 {[%emt 0:00:48]} 28. Bxf1 {[%emt 0:00:02]} Qb3 {
[%emt 0:01:41]} 29. d6 {[%emt 0:00:46]} Qe6 {[%emt 0:02:20]} 30. Bc4 {
[%emt 0:00:25]} 1-0

[Event "chess.com SpeedChess Q1Sw"]
[Site "chess.com INT"]
[Date "2023.08.21"]
[Round "1"]
[White "Tabatabaei, M."]
[Black "Atanasov, Anthony"]
[Result "1-0"]
[WhiteElo "2696"]
[BlackElo "2385"]
[PlyCount "87"]
[EventDate "2023.08.21"]
[EventType "swiss (blitz)"]
[EventRounds "14"]
[EventCountry "NET"]
[Source "Mark Crowther"]
[SourceDate "2023.08.21"]

1. d4 Nf6 2. Nf3 d5 3. c3 a6 4. Bf4 Bf5 5. Qb3 Ra7 6. e3 e6 7. Nbd2 Bd6 8. Bxd6
cxd6 9. Be2 Nc6 10. O-O O-O 11. a4 e5 12. Qa3 Re8 13. a5 Qc7 14. Rfd1 Raa8 15.
h3 h6 16. Nb3 Bc2 17. Rdc1 Bxb3 18. Qxb3 Nxa5 19. Qa2 Nc6 20. c4 dxc4 21. Bxc4
exd4 22. exd4 Qd7 23. Qb3 Rac8 24. Bf1 d5 25. Qb6 Ne4 26. b4 Qc7 27. Qxc7 Rxc7
28. b5 axb5 29. Bxb5 Rec8 30. Bf1 Nd6 31. Rcb1 Nc4 32. Rb5 Rd8 33. Rc1 Rcd7 34.
h4 g6 35. g3 Kg7 36. Kg2 h5 37. Rc3 Nd6 38. Rxd5 Nf5 39. Rxd7 Rxd7 40. Ne5 Rxd4
41. Nxc6 bxc6 42. Rxc6 Rd2 43. Rc3 Ne3+ 44. Rxe3 1-0

[Event "Olympiad U16"]
[Site "Eindhoven NED"]
[Date "2023.08.14"]
[Round "3.1"]
[White "Han, Yichen"]
[Black "Atanasov, Anthony"]
[Result "1/2-1/2"]
[WhiteElo "2398"]
[BlackElo "2239"]
[PlyCount "337"]
[EventDate "2023.08.13"]
[EventType "team"]
[EventRounds "9"]
[EventCountry "NED"]
[Source "ChessMix"]
[SourceDate "2023.08.20"]
[WhiteTeam "The Netherlands 1"]
[BlackTeam "Canada 1"]

1. c4 Nf6 2. Nc3 e5 3. Nf3 Nc6 4. e4 Bb4 5. d3 h6 6. a3 Bxc3+ 7. bxc3 d6 8. g3
O-O 9. Bg2 Be6 10. O-O Nd7 11. Nh4 Rb8 12. Rb1 Ne7 13. Qe2 f5 14. exf5 Nxf5 15.
Nxf5 Bxf5 16. Rxb7 Rxb7 17. Bxb7 Nc5 18. Bd5+ Kh8 19. Rd1 Qd7 20. Be3 Na4 21.
Qc2 Nb6 22. Bxb6 axb6 23. Qd2 Qe8 24. Re1 Qa4 25. d4 Qxa3 26. dxe5 dxe5 27.
Rxe5 Bh3 28. Re1 Qa4 29. Qe3 Qa2 30. Qe2 Qb3 31. Qe7 Rc8 32. Qe5 Rf8 33. Qd4 c5
34. Qe3 Qc2 35. Be4 Qa2 36. Bd3 Qa8 37. Be4 Qa2 38. Bd3 Qa8 39. Qe4 Qxe4 40.
Rxe4 Ra8 41. Re1 Kg8 42. Be4 Ra3 43. Bg6 Ra8 44. f3 Kf8 45. g4 h5 46. Bxh5 g6
47. Bxg6 Ra2 48. Be4 Kg7 49. Rd1 Kf6 50. f4 Bxg4 51. Rd6+ Ke7 52. Rxb6 Re2 53.
Bd5 Bd7 54. Rg6 Rd2 55. Rg2 Rd3 56. Rg3 Rd1+ 57. Kg2 Rd2+ 58. Kh1 Rd1+ 59. Rg1
Rd3 60. Rg7+ Kd6 61. Kg2 Bh3+ 62. Kf2 Rxc3 63. Rg6+ Kd7 64. Rh6 Rc2+ 65. Kg3
Bf1 66. Rc6 Rc3+ 67. Kf2 Bh3 68. Rxc5 Bg4 69. Ra5 Kd6 70. Ra6+ Kc5 71. Rg6 Bd7
72. h4 Rc2+ 73. Ke3 Rh2 74. Rh6 Rh3+ 75. Ke4 Ba4 76. Ke5 Re3+ 77. Kf6 Kd4 78.
Rh8 Bc2 79. h5 Ra3 80. h6 Ra6+ 81. Kf7 Ke3 82. Kg7 Rg6+ 83. Kf7 Kxf4 84. c5 Ke5
85. Bc4 Rf6+ 86. Ke7 Rc6 87. Rg8 Rc7+ 88. Kd8 Rxc5 89. Rg5+ Bf5 90. h7 Rc8+ 91.
Ke7 Rc7+ 92. Kf8 Rxh7 93. Bd3 Ke6 94. Rxf5 Rh3 95. Bc2 Rc3 96. Rf2 Rc7 97. Bb3+
Kd6 98. Bf7 Ke5 99. Kg7 Rc6 100. Re2+ Kf5 101. Ra2 Rb6 102. Ra5+ Ke4 103. Kf8
Kd4 104. Ke7 Rc6 105. Be6 Rc5 106. Ra1 Rc6 107. Kf6 Rc5 108. Ra4+ Kc3 109. Rh4
Kd3 110. Ke7 Rc6 111. Bd5 Rb6 112. Kd7 Kc3 113. Bc6 Rb4 114. Rh3+ Kd4 115. Kd6
Rc4 116. Rb3 Rc3 117. Rb1 Rd3 118. Rb4+ Kc3+ 119. Kc5 Rg3 120. Bd5 Rg7 121.
Rb3+ Kc2 122. Rh3 Rg4 123. Bc4 Kd2 124. Rd3+ Kc2 125. Rd8 Kc3 126. Rd3+ Kc2
127. Kb4 Rg7 128. Re3 Rb7+ 129. Bb5 Kd2 130. Re2+ Kd1 131. Ra2 Rb8 132. Kc5 Rd8
133. Bc4 Ke1 134. Re2+ Kd1 135. Ra2 Ke1 136. Kb4 Rd2 137. Ra8 Kf2 138. Kc3 Rd7
139. Bd3 Ke3 140. Re8+ Kf4 141. Re4+ Kg5 142. Kd2 Kf6 143. Ra4 Ke5 144. Ke3 Rd5
145. Rh4 Kd6 146. Rh8 Re5+ 147. Be4 Ra5 148. Rh6+ Kc5 149. Rc6+ Kb5 150. Rc8
Ra1 151. Kd4 Rd1+ 152. Bd3+ Kb6 153. Rc3 Rg1 154. Kd5 Rh1 155. Rc6+ Kb7 156.
Ba6+ Ka7 157. Bc4 Kb7 158. Kc5 Rh2 159. Rg6 Rc2 160. Rg7+ Kc8 161. Kd5 Rc1 162.
Rg4 Kd7 163. Rg7+ Ke8 164. Ke6 Kf8 165. Rc7 Rc3 166. Kd5 Rc1 167. Ra7 Re1 168.
Kd6 Re7 169. Ra1 1/2-1/2

[Event "Olympiad U16"]
[Site "Eindhoven NED"]
[Date "2023.08.15"]
[Round "4.1"]
[White "Atanasov, Anthony"]
[Black "Pidluznij, Gleb"]
[Result "1-0"]
[WhiteElo "2239"]
[BlackElo "2143"]
[PlyCount "163"]
[EventDate "2023.08.13"]
[EventType "team"]
[EventRounds "9"]
[EventCountry "NED"]
[Source "ChessMix"]
[SourceDate "2023.08.20"]
[WhiteTeam "Canada 1"]
[BlackTeam "Lithuania"]
[BlackTeamCountry "LTU"]

1. d4 d5 2. Nf3 Nf6 3. a3 e6 4. Bf4 c5 5. e3 Bd6 6. dxc5 Bxc5 7. c4 O-O 8. Nc3
dxc4 9. Qc2 a6 10. Ng5 h6 11. h4 Qe7 12. Bxc4 Nbd7 13. b4 Bd6 14. Bxd6 Qxd6 15.
Rd1 Qc7 16. Bd3 b5 17. Nge4 Bb7 18. O-O Rac8 19. Qe2 Nxe4 20. Bxe4 Ne5 21. Rd4
Qxc3 22. Bxb7 Rb8 23. Be4 Qxa3 24. Rfd1 Nc4 25. Rb1 Rfd8 26. Qd1 Rdc8 27. Rd7
Nxe3 28. Qf3 Rc1+ 29. Rxc1 Qxc1+ 30. Kh2 Nf5 31. g4 Qc8 32. Qf4 Qxd7 33. Qxb8+
Kh7 34. gxf5 exf5 35. Bb7 Qd4 36. Qg3 Qxb4 37. Bxa6 Qb2 38. Qf4 g6 39. Kg2 b4
40. Bc4 Kg7 41. Qc7 Qf6 42. Qb7 h5 43. Bd5 f4 44. Bb3 Qf5 45. Qd5 Qxd5+ 46.
Bxd5 f6 47. Kf3 g5 48. Ke4 Kg6 49. Be6 f3 50. Kxf3 gxh4 51. Kf4 Kg7 52. Bb3 Kg6
53. Bc2+ Kf7 54. Bd1 Kg6 55. Bb3 Kg7 56. Ba4 Kf7 57. Bc2 Kg7 58. Kf3 Kh6 59.
Kf4 Kg7 60. Bb3 Kg6 61. Bd1 Kh6 62. Ke4 h3 63. Kd4 Kg5 64. Bf3 h2 65. Kc4 Kf4
66. Bh1 Ke5 67. Bg2 h4 68. Bh1 h3 69. Bf3 Kf4 70. Bh1 Ke5 71. Bc6 Kd6 72. Bb7
Ke5 73. Ba8 f5 74. Bf3 Kf4 75. Bc6 Ke5 76. Bh1 Kf4 77. Kxb4 Ke5 78. Kc4 Kf4 79.
Kd4 Kg4 80. Ke5 Kg5 81. f3 Kh4 82. Kf4 1-0

[Event "Olympiad U16"]
[Site "Eindhoven NED"]
[Date "2023.08.15"]
[Round "5.1"]
[White "Gaal, Zsoka"]
[Black "Atanasov, Anthony"]
[Result "1-0"]
[WhiteElo "2254"]
[BlackElo "2239"]
[PlyCount "105"]
[EventDate "2023.08.13"]
[EventType "team"]
[EventRounds "9"]
[EventCountry "NED"]
[Source "ChessMix"]
[SourceDate "2023.08.20"]
[WhiteTeam "Hungary"]
[BlackTeam "Canada 1"]
[WhiteTeamCountry "HUN"]

1. Nf3 d5 2. g3 Bf5 3. Bg2 e6 4. O-O c6 5. d3 Be7 6. c4 Nd7 7. Nc3 Bg6 8. cxd5
exd5 9. e4 dxe4 10. dxe4 Nc5 11. Ne5 Nf6 12. Nxg6 hxg6 13. h3 O-O 14. Be3 Qa5
15. Qc2 Ne6 16. a3 Rfd8 17. Rad1 Rxd1 18. Rxd1 Rd8 19. Rxd8+ Bxd8 20. Qa4 a6
21. Qxa5 Bxa5 22. b4 Bc7 23. f4 Nd7 24. Kf2 f6 25. Bf1 Kf8 26. Ne2 g5 27. h4
gxh4 28. gxh4 Nb6 29. Nd4 Kf7 30. Kf3 Nxd4+ 31. Bxd4 Nd7 32. Bc4+ Ke7 33. Kg4
a5 34. Kf5 b5 35. Ba2 axb4 36. axb4 Bd6 37. Bc3 c5 38. e5 fxe5 39. fxe5 g6+ 40.
Ke4 Bc7 41. Kd5 cxb4 42. Bxb4+ Ke8 43. Bc3 b4 44. Bd4 Bd8 45. Bf2 Bc7 46. e6
Nf6+ 47. Kc6 Be5 48. Bc5 Bg3 49. Bb1 Bxh4 50. Bxg6+ Kd8 51. e7+ Kc8 52. Bd6 Nd7
53. e8=Q+ 1-0

[Event "Olympiad U16"]
[Site "Eindhoven NED"]
[Date "2023.08.16"]
[Round "6.1"]
[White "Atanasov, Anthony"]
[Black "Elias, David"]
[Result "1-0"]
[WhiteElo "2239"]
[BlackElo "1884"]
[PlyCount "72"]
[EventDate "2023.08.13"]
[EventType "team"]
[EventRounds "9"]
[EventCountry "NED"]
[Source "ChessMix"]
[SourceDate "2023.08.20"]
[WhiteTeam "Canada 1"]
[BlackTeam "Slovakia"]
[BlackTeamCountry "SVK"]

1. d4 Nf6 2. c4 e6 3. Nf3 b6 4. a3 Bb7 5. Bf4 d5 6. Nc3 Bd6 7. Ne5 O-O 8. e3
dxc4 9. Bxc4 c5 10. Nb5 Bxe5 11. dxe5 Qxd1+ 12. Rxd1 Ne8 13. f3 a6 14. Nd6 Nxd6
15. exd6 Nd7 16. Kf2 Bc6 17. e4 Rfc8 18. b3 Re8 19. Rd2 Kf8 20. e5 Rec8 21. Rc1
Bb5 22. Bg3 Ke8 23. Rdc2 h6 24. f4 Nb8 25. b4 Bxc4 26. Rxc4 Nd7 27. R4c2 Rc6
28. a4 Rcc8 29. a5 Rab8 30. Ke2 g5 31. fxg5 hxg5 32. Kf3 Rc6 33. Kg4 bxa5 34.
bxc5 Rb5 35. Kxg5 Nxc5 36. Kh6 a4 1-0

[Event "Olympiad U16"]
[Site "Eindhoven NED"]
[Date "2023.08.17"]
[Round "7.1"]
[White "Samadov, Read"]
[Black "Atanasov, Anthony"]
[Result "1-0"]
[WhiteElo "2355"]
[BlackElo "2239"]
[PlyCount "79"]
[EventDate "2023.08.13"]
[EventType "team"]
[EventRounds "9"]
[EventCountry "NED"]
[Source "ChessMix"]
[SourceDate "2023.08.20"]
[WhiteTeam "Azerbaijan"]
[BlackTeam "Canada 1"]
[WhiteTeamCountry "AZE"]

1. Nf3 d5 2. d4 Bf5 3. c4 e6 4. Nc3 Nf6 5. Nh4 Be4 6. f3 Bg6 7. cxd5 exd5 8.
Bg5 Nc6 9. e3 Be7 10. Nxg6 hxg6 11. Bb5 Qd6 12. Qa4 a6 13. Rc1 Rb8 14. Bxc6+
bxc6 15. Bf4 Qe6 16. O-O Rxb2 17. Nd1 Rb5 18. Qxa6 Kd7 19. Nf2 Rb6 20. Qa7 Bd6
21. Nd3 Bxf4 22. Nc5+ Ke7 23. Nxe6 Bxh2+ 24. Kf2 Rb2+ 25. Ke1 Kxe6 26. Rxc6+
Kf5 27. Qa3 Rxg2 28. Qd3+ Kg5 29. Rc2 Bg3+ 30. Kd1 Rhh2 31. Rxg2 Rxg2 32. a4
Nd7 33. a5 Rb2 34. Rg1 Kh4 35. Kc1 Ra2 36. Kb1 Rxa5 37. Qd2 Rb5+ 38. Kc2 Nf6
39. Rh1+ Kg5 40. e4+ 1-0

[Event "Olympiad U16"]
[Site "Eindhoven NED"]
[Date "2023.08.17"]
[Round "8.1"]
[White "Fu, Yihe"]
[Black "Atanasov, Anthony"]
[Result "1/2-1/2"]
[WhiteElo "2097"]
[BlackElo "2239"]
[PlyCount "126"]
[EventDate "2023.08.13"]
[EventType "team"]
[EventRounds "9"]
[EventCountry "NED"]
[Source "ChessMix"]
[SourceDate "2023.08.20"]
[WhiteTeam "Australia 1"]
[BlackTeam "Canada 1"]

1. e4 e5 2. Nf3 Nf6 3. d4 Nxe4 4. Bd3 Nc6 5. dxe5 d5 6. exd6 Nxd6 7. O-O Be7 8.
Bf4 O-O 9. c3 Bg4 10. Nbd2 Qd7 11. Qc2 h6 12. h3 Be6 13. Rad1 Rad8 14. Ne4 Nxe4
15. Bxe4 Qc8 16. Bxc6 bxc6 17. Nd4 Bd7 18. Qe4 Rfe8 19. Qf3 Qa6 20. Bxc7 Rc8
21. Bf4 c5 22. Nc2 Bc6 23. Qg3 Be4 24. Na3 Rc6 25. f3 Bd3 26. Rfe1 c4 27. Kh1
Qa4 28. Be5 Rg6 29. Qf4 Bxa3 30. bxa3 Qxa3 31. Qd2 Rge6 32. Bd4 Re2 33. Rxe2
Rxe2 34. Qf4 Qa4 35. Rd2 Rxd2 36. Qxd2 Kh7 37. Qf4 Qd7 38. Qe5 f6 39. Qa5 Bb1
40. Qxa7 Qxa7 41. Bxa7 Bxa2 42. f4 Kg6 43. g4 f5 44. Kg2 Bb1 45. Kf3 Be4+ 46.
Kg3 Bd3 47. Kf3 Bc2 48. Kg3 Kf7 49. Bd4 g6 50. gxf5 Bxf5 51. h4 Ke6 52. Be5 Kd5
53. Bd4 Ke4 54. Bg7 Kd3 55. Be5 Bc8 56. Bg7 Bd7 57. Bf6 Be6 58. Bg7 h5 59. Bf6
Ke4 60. Bg7 Bg4 61. Bd4 Kf5 62. Bg7 Bd1 63. Bd4 Ke4 1/2-1/2

[Event "Olympiad U16"]
[Site "Eindhoven NED"]
[Date "2023.08.18"]
[Round "9.1"]
[White "Atanasov, Anthony"]
[Black "Pichon, Ewen"]
[Result "1-0"]
[WhiteElo "2239"]
[BlackElo "2194"]
[PlyCount "67"]
[EventDate "2023.08.13"]
[EventType "team"]
[EventRounds "9"]
[EventCountry "NED"]
[Source "ChessMix"]
[SourceDate "2023.08.20"]
[WhiteTeam "Canada 1"]
[BlackTeam "France"]
[BlackTeamCountry "FRA"]

1. d4 Nf6 2. Nf3 e6 3. Bf4 b6 4. e3 Bb7 5. Nbd2 Be7 6. h3 c5 7. c3 O-O 8. Bd3
cxd4 9. exd4 d6 10. Qe2 Nbd7 11. O-O a6 12. a4 Re8 13. Nc4 Qc7 14. Rfc1 Bf8 15.
Bh2 g6 16. Rc2 Bd5 17. Ne3 Bb7 18. a5 b5 19. c4 b4 20. c5 e5 21. cxd6 Qxd6 22.
dxe5 Bxf3 23. exd6 Bxe2 24. Bxe2 Ne4 25. Rc7 Ndc5 26. Bc4 Ne6 27. d7 Nxc7 28.
dxe8=Q Rxe8 29. Bxc7 Bg7 30. Ra4 Rc8 31. Nd5 Bf8 32. Bxa6 Rxc7 33. Nxc7 Nc5 34.
Rxb4 1-0

[Event "CAN op"]
[Site "Calgary CAN"]
[Date "2023.07.22"]
[Round "1.8"]
[White "Atanasov, Anthony"]
[Black "Xu, Philip"]
[Result "1-0"]
[WhiteElo "2405"]
[BlackElo "1878"]
[PlyCount "49"]
[EventDate "2023.07.22"]
[EventType "swiss"]
[EventRounds "10"]
[EventCountry "CAN"]

1. d4 d5 2. Nf3 Nf6 3. a3 e6 4. Bf4 c5 5. e3 cxd4 6. exd4 Nc6 7. Bd3 Be7 8. O-O
a6 9. Nbd2 O-O 10. a4 Qb6 11. Nb3 Na5 12. Nxa5 Qxa5 13. c3 Qd8 14. Ne5 Nd7 15.
Re1 Nxe5 16. Bxe5 f6 17. Qh5 f5 18. Re3 Qe8 19. Rg3 g6 20. Qxh7+ Kxh7 21. Rh3+
Kg8 22. Rh8+ Kf7 23. Rh7+ Kg8 24. Rg7+ Kh8 25. Rxe7+ 1-0

[Event "CAN op"]
[Site "Calgary CAN"]
[Date "2023.07.23"]
[Round "2.8"]
[White "Marchand, Calix"]
[Black "Atanasov, Anthony"]
[Result "0-1"]
[WhiteElo "2101"]
[BlackElo "2405"]
[PlyCount "68"]
[EventDate "2023.07.22"]
[EventType "swiss"]
[EventRounds "10"]
[EventCountry "CAN"]

1. e4 e5 2. Nf3 Nf6 3. Nxe5 d6 4. Nf3 Nxe4 5. d4 d5 6. Bd3 Bd6 7. O-O O-O 8.
Re1 Bf5 9. c4 c6 10. Nc3 Nxc3 11. bxc3 Bxd3 12. Qxd3 dxc4 13. Qxc4 Nd7 14. Bg5
Qc7 15. Be7 b5 16. Qb3 Bxe7 17. Rxe7 Qd6 18. Rae1 Nb6 19. R7e2 g6 20. Ne5 Kg7
21. Nd3 a5 22. Nc5 Nd5 23. c4 a4 24. Qa3 b4 25. Qb2 Nc3 26. Re7 Kg8 27. Qxb4
Qxd4 28. Rd7 Nxa2 29. Qa3 Qxc4 30. Re4 Qc3 31. Qxc3 Nxc3 32. Re1 a3 33. Rd3 a2
34. Ra1 Rfb8 0-1

[Event "CAN op"]
[Site "Calgary CAN"]
[Date "2023.07.23"]
[Round "3.8"]
[White "Atanasov, Anthony"]
[Black "Song, Ethan"]
[Result "1-0"]
[WhiteElo "2405"]
[BlackElo "2255"]
[PlyCount "103"]
[EventDate "2023.07.22"]
[EventType "swiss"]
[EventRounds "10"]
[EventCountry "CAN"]

1. d4 Nf6 2. Nf3 e6 3. Bf4 d5 4. e3 Bd6 5. a3 O-O 6. Nbd2 c5 7. dxc5 Bxf4 8.
exf4 Qc7 9. g3 Qxc5 10. Nb3 Qb6 11. Qd4 Qc7 12. Bd3 Nc6 13. Qc3 b6 14. Nbd4 Bb7
15. Ne5 Rac8 16. Nexc6 Bxc6 17. O-O Qb7 18. Qe1 Ne4 19. c3 Qc7 20. Qe2 Ba8 21.
Rfe1 Rfe8 22. Rad1 Rcd8 23. f3 Nc5 24. Bb5 Rf8 25. Qe5 Qxe5 26. Rxe5 a6 27. Bf1
b5 28. f5 exf5 29. Nxf5 Rfe8 30. Rxe8+ Rxe8 31. Kf2 g6 32. Ne3 Rd8 33. Bg2 Nb3
34. Nc2 Na5 35. f4 Nc4 36. b3 Na5 37. Nd4 Kg7 38. Ke2 h5 39. h4 Kf6 40. Ra1 Nc6
41. Kd3 Nxd4 42. Kxd4 Rc8 43. Bf3 a5 44. a4 b4 45. cxb4 axb4 46. a5 Re8 47. a6
Ke6 48. a7 Kf5 49. Ra5 Re1 50. Bxd5 Rd1+ 51. Kc4 Rc1+ 52. Kxb4 1-0